[Event "Dhaka Powertec op-B"]
[Site "Dhaka"]
[Date "2017.07.19"]
[Round "5"]
[White "Shah Mahfuzul, Karim"]
[Black "Jahangir, Alam"]
[Result "1/2-1/2"]
[WhiteElo "1963"]
[BlackElo "1825"]
[PlyCount "26"]
[EventDate "2017.07.15"]
[EventType "swiss"]
[EventRounds "9"]
[EventCountry "BAN"]
[SourceTitle "EXT 2018"]
[Source "ChessBase"]
[SourceDate "2017.10.13"]
[SourceVersion "1"]
[SourceVersionDate "2017.10.13"]
[SourceQuality "1"]

1. e4 d5 2. exd5 Qxd5 3. Nf3 Bg4 4. Be2 Nf6 5. c4 Qd8 6. 0-0 Nc6 7. d4 e6 8. Nc3 Be7 9. d5 Bxf3 10. Bxf3 exd5 11. cxd5 Ne5 12. d6 Nxf3+ 13. Qxf3 cxd6 1/2-1/2